000 00640nam a2200253 a 4500
003 AR-BaBNM
005 20251128204600.0
008 082120s2002 ||||||||||||||000 | spa||
020 _a84-236-2676-8
040 _cAR-BaBNM
100 1 _aDicks, Terrance
245 0 0 _aAsí es Sally Ann
250 _a2ª ed.
260 _aBarcelona
_bEdebé
_c1992
300 _a63 p.
_bil.
490 0 _aTucán. Azul
_vv. 12
500 _aRecomendado para niños a partir de 6 años
650 4 _aLITERATURA INFANTIL
650 4 _aLIBROS PARA NIÑOS
650 4 _aCUENTOS DE AVENTURAS
655 _aLITERATURA
942 _cBK
998 _cLAURA
999 _c8012
_d8012